banner-ar

MS\PC-DOS: CONCEPTS, EXERCISES AND APPLICATIONS, 3er ed / (Record no. 10358)

MARC details
000 -الفاتح
حقل البيانات ثابتة الطول 00616nam a2200205Ia 4500
008 - عناصر البيانات ثابتة الطول - معلومات عامة
حقل البيانات ثابتة الطول 140319s9999 xx 000 0 eng d
040 ## - مصدر الفهرسة
وكالة الفهرسة الأصلية GCL /
وكالة النسخ GCL
082 04 - رقم تصنيف ديوى العشرى
رقم التصنيف 005.4469
رقم المادة A M
100 1# - المدخل الرئيسى - إسم شخصى
الإسم الشخصى AUVIL, MARY
245 10 - بيان العنوان
العنوان MS\PC-DOS: CONCEPTS, EXERCISES AND APPLICATIONS, 3er ed /
بيان المسئوليه,etc AUVIL, MARY
700 1# - المدخل الاضافى - اسم شخصى
الإسم الشخصى ARNTSON, LJAYCE
700 1# - المدخل الاضافى - اسم شخصى
الإسم الشخصى SLOCKLER, BARBARA F
260 ## - PUBLICATION, DISTRIBUTION, ETC. (IMPRINT)
تاريخ النشر أو التوزيع 1994
300 ## - الوصف المادى
التعداد 450 P
650 04 - المدخل الاضافى بالموضوع-مصطلح موضوعى
مصطلح موضوعي PC-DOS (COMPUTER FILE)
650 04 - المدخل الاضافى بالموضوع-مصطلح موضوعى
مصطلح موضوعي MS - DOS ( COMPUTER OPERATING SYSTEM )
650 04 - المدخل الاضافى بالموضوع-مصطلح موضوعى
مصطلح موضوعي OPERATINGS SYSTEMS COMPUTERS
942 ## - عناصر المدخل الإضافي( كوها)
مصدر التصنيف او مخطط الترفيف Dewey Decimal Classification
Koha [default] item type كتاب
260 ## - PUBLICATION, DISTRIBUTION, ETC. (IMPRINT)
-- [S.N] :
-- WADSWORTH PUBLISHING COMPANY ،
Holdings
حالة التراجع حالة الفقد حالة تلف ليس للاعارة المكان المؤقت الموقع الحالى تاريخ الاكتساب اجمالي اﻻعارات رقم الطلب الباركود تاريخ اخر مشاهدة تاريخ تفعيل السعر نوع وعاء كوها
        مكتبة القاهرة الكبرى مكتبة القاهرة الكبرى 03/26/2014   005.4469\A M 21049 03/26/2014 03/26/2014 كتاب
        مكتبة القاهرة الكبرى مكتبة القاهرة الكبرى 03/26/2014   005.4469\A M 21050 03/26/2014 03/26/2014 كتاب

Powered By

EGPV